Streams of experience: reflections on the history and philosophy of American culture (Record no. 493227)

000 -LEADER
fixed length control field 00391cam a22001217a 4500
008 - FIXED-LENGTH DATA ELEMENTS--GENERAL INFORMATION
fixed length control field 180718b1989 xxu||||| |||| 00| 0 eng d
082 ## - DEWEY DECIMAL CLASSIFICATION NUMBER
Classification number A6x73 Mc127
100 ## - MAIN ENTRY--PERSONAL NAME
Personal name Dermott, John J. Mc
245 ## - TITLE STATEMENT
Title Streams of experience: reflections on the history and philosophy of American culture
Statement of responsibility, etc. by John J. Mc Dermott
260 ## - PUBLICATION, DISTRIBUTION, ETC.
Place of publication, distribution, etc. New Delhi
Name of publisher, distributor, etc. Asian
Date of publication, distribution, etc. 1989
300 ## - PHYSICAL DESCRIPTION
Extent 266p.
650 ## - SUBJECT ADDED ENTRY--TOPICAL TERM
Topical term or geographic name entry element American history
Holdings
Withdrawn status Lost status Damaged status Not for loan Permanent Location Current Location Date acquired Full call number Barcode Date last seen Price effective from Koha item type
        Indian Institute of Public Administration Indian Institute of Public Administration 2018-08-04 A6x73 Mc127 GR17415 2018-08-04 2018-08-04 GR

Powered by Koha